000
00239nmm a2200085Ia 4500
008
220120s9999||||xx |||||||||||||||||und||
100
_a
EFY
245
0
_a
April 2011 : industrial automation software, EFY magazine, c
260
_a
EFY enterprises
999
_c
139675
_d
139675